|
|
|
|
| LEADER |
00000cam a2200000 4500 |
| 001 |
vtls012195310 |
| 003 |
SK-MaSNL |
| 005 |
20260301231705.0 |
| 008 |
230207s2021 rm grn 000 0 slo |
| 015 |
|
|
|a SNBZSA2024/01
|
| 020 |
|
|
|a 9789731071800
|q (brožované)
|
| 040 |
|
|
|a SNK
|b slo
|c SNK
|e rda
|
| 041 |
0 |
|
|a slo
|b eng
|
| 043 |
|
|
|a e-hu---
|a e-rm---
|a e-yu---
|
| 044 |
|
|
|a xo
|c SK
|
| 072 |
|
7 |
|a 304
|x Kultúrna politika
|2 konspekt
|
| 080 |
|
|
|a 323.15
|2 2011
|
| 080 |
|
|
|a 351.85
|2 2011
|
| 080 |
|
|
|a 655.4/.5+070
|2 2011
|
| 080 |
|
|
|a 304(47+57)
|2 2011
|
| 080 |
|
|
|a (439)
|2 2011
|
| 080 |
|
|
|a (498)
|2 2011
|
| 080 |
|
|
|a (497.1)
|2 2011
|
| 080 |
|
|
|a (048.8)
|2 2011
|
| 100 |
1 |
|
|a Kmeť, Miroslav,
|d 1964-
|4 aut
|
| 245 |
1 |
0 |
|a Krátke dejiny dolnozemských Slovákov
|n 1
|c Miroslav Kmeť ; recenzenti: Július Alberty, Ján Botík, Alica Kurhajcová, Patrik Kunec
|
| 264 |
|
1 |
|a Nadlak
|b Vydavateľstvo Ivan Krasko
|c 2021
|
| 300 |
|
|
|a 322 strán
|b faksimile, fotografie
|c 21 cm
|
| 336 |
|
|
|a text
|b txt
|2 rdacontent
|
| 337 |
|
|
|a bez média
|b n
|2 rdamedia
|
| 338 |
|
|
|a zväzok
|b nc
|2 rdacarrier
|
| 490 |
1 |
|
|a Knižnica Dolnozemského Slováka
|
| 500 |
|
|
|a Obsahuje slovenské pomenovania vybraných lokalít uvádzaných v texte
|
| 504 |
|
|
|a Obsahuje bibliografiu na strane 286-301, bibliografické odkazy
|
| 546 |
|
|
|a Resumé v angličtine
|
| 650 |
0 |
7 |
|a Slováci v zahraničí
|2 SNKPH
|9 14695
|
| 650 |
0 |
7 |
|a presídľovanie
|2 SNKPH
|9 24482
|
| 650 |
0 |
7 |
|a Slovaks in foreign
|2 SNKPHeng
|9 265147
|
| 651 |
|
7 |
|a Maďarsko
|2 SNKPHgeo
|9 16754
|
| 651 |
|
7 |
|a Rumunsko
|2 SNKPHgeo
|9 17409
|
| 651 |
|
7 |
|a Juhoslávia
|2 SNKPHgeo
|9 22118
|
| 651 |
|
7 |
|a Hungary
|2 SNKPHeng
|9 265263
|
| 651 |
|
7 |
|a Romania
|2 SNKPHeng
|9 171770
|
| 651 |
|
7 |
|a Yugoslavia
|2 SNKPHeng
|9 300744
|
| 655 |
|
7 |
|a monografie
|2 SNKPH
|9 70139
|
| 655 |
|
7 |
|a Monographs
|2 SNKPHeng
|9 120675
|
| 700 |
1 |
|
|a Alberty, Július,
|d 1925-2019
|4 rev
|9 103130
|
| 700 |
1 |
|
|a Botík, Ján,
|d 1938-
|4 rev
|9 214842
|
| 700 |
1 |
|
|a Kurhajcová, Alica,
|d 1985-
|4 rev
|9 212107
|
| 700 |
1 |
|
|a Kunec, Patrik,
|d 1975-
|4 rev
|9 241169
|
| 830 |
|
0 |
|a Knižnica Dolnozemského Slováka
|9 304274
|
| 852 |
|
|
|a Slovenská národná knižnica
|
| 919 |
|
|
|a 978-973-107-180-0
|
| 954 |
|
|
|a odborná, vedecká literatúra pôvodná (slovenská)
|2 lita
|
| 958 |
|
|
|a ZS
|
| 958 |
|
|
|a NB
|
| 958 |
|
|
|a RO
|
| 958 |
|
|
|a NM
|
| 999 |
|
|
|c 959244
|d 961174
|
| 952 |
|
|
|a SNK
|b SNK
|y PREZ
|7 0
|p 17A1538107
|o snkSC 204579
|i snk2023/17846
|8 2
|g 10.89
|0 0
|1 0
|4 0
|d 2023-02-07
|l 0
|r 2025-10-28 00:00:00
|w 2026-02-24
|
| 952 |
|
|
|a SNK
|b SNK
|y VYP
|7 0
|p 17A1563087
|o snkSC 204579 D1
|i snk2025/1309
|8 2
|g 10.89
|0 0
|1 0
|4 0
|d 2024-11-27
|l 0
|r 2026-02-24 10:14:31
|w 2026-02-24
|